Memorias de la Real Academia de la Historia. (Record no. 170545)

MARC details
000 -LEADER
campo de control de longitud fija 01740nam a2200181 i 4500
001 - NÚMERO DE CONTROL
campo de control 170545
003 - IDENTIFICADOR DE NÚMERO DE CONTROL
campo de control ES-MaACL
005 - FECHA Y HORA DE LA ÚLTIMA TRANSACCIÓN
campo de control 20230906214408.0
008 - DATOS DE LONGITUD FIJA--INFORMACIÓN GENERAL
campo de control de longitud fija 090313s1832 sp |||| | spa d
245 00 - MENCIÓN DEL TÍTULO
Título Memorias de la Real Academia de la Historia.
Número de parte o sección de la obra TomoVII.
260 ## - PUBLICACIÓN, DISTRIBUCIÓN, ETC.
Lugar de publicación, distribución, etc. Madrid :
Nombre del editor, distribuidor, etc. [s.n.],
Fecha de publicación, distribución, etc. 1832 (
Fabricante Imprenta de I. Sancha)
300 ## - DESCRIPCIÓN FÍSICA
Extensión [8], XLIV, 578, [2] p., [4] h. de lám ;
Dimensiones 24 cm.
505 8# - NOTA DE CONTENIDO CON FORMATO
Nota de contenido con formato Contiene: Noticia histórica de la Academia ó resumen de sus actas, desde el año de 1821 hasta concluir el de 1831 leído en sus juntas del mes de marzo de 1832. Catálogo de los individuos de la Real Academia de la Historia, en primero de enero de mil ochocientos treinta y dos. Elogio histórico del doctor Benito Arias Montano / leido... por Tomás González Carvajal. Memoria sobre el incierto origen de las barras de Aragón, antiguo blasón del Condado de Barcelona, en que se demuestra ser falso haberlas concedido el emperador Carlos Calvo, rey de Francia, al conde Wifredo II, llamado el Velloso / leyola... Juan Sans y de Barutell. Examen y juicio de la descripción geográfica de España, atribuida al moro Rasis / por Diego Clemencin. Apuntamientos para la historia del rey don Felipe Segundo de España, por lo tocante a sus relaciones con la reina Isabel de Inglaterra, desde el año 1558 hasta el de 1576 / formados... Tomás González. Investigaciones históricas sobre el origen y progresos del monacato español hasta la irrupción sarracena á principios del siglo VIII.... / leídas por Antonio de Siles.
610 24 - PUNTO DE ACCESO ADICIONAL DE MATERIA--NOMBRE DE ENTIDAD CORPORATIVA
Nombre de entidad corporativa o nombre de jurisdicción como elemento de entrada Real Academia de la Historia (España)-
Subdivisión de forma Memorias.
9 (RLIN) 152005
651 #4 - PUNTO DE ACCESO ADICIONAL DE MATERIA--NOMBRE GEOGRÁFICO
Nombre geográfico España-
Subdivisión general Historia.
9 (RLIN) 8209
710 2# - ENTRADA AGREGADA--NOMBRE DE ENTIDAD CORPORATIVA
Nombre de entidad corporativa o nombre de jurisdicción como elemento de entrada Real Academia de la Historia (España)
9 (RLIN) 6309
852 ## - LOCALIZACIÓN
Ubicación ES-MaACL
Número de control de estantería R-2765
Holdings
Estatus retirado Estado de pérdida Estado de daño No para préstamo Colección Biblioteca de origen Biblioteca actual Ubicación en estantería Fecha de adquisición Fuente de adquisición Total de préstamos Signatura topográfica completa Código de barras Visto por última vez Precio de reemplazo Tipo de ítem Koha
        Libros del s. XIX Biblioteca del Ateneo de Madrid Biblioteca del Ateneo de Madrid Depósito 13/03/2009     R-2765 1178976 23/02/2023 23/02/2023 Libro impreso antiguo